Statistics for New York Yankees Top 50 Career Home Run Leaders

Click here to take the quiz!

General Stats

  • This quiz has been taken 27 times
  • The average score is 23 of 50

Answer Stats

#Player NameTotal Home Runs% Correct
1.Babe Ruth659
100%
3.Lou Gehrig493
100%
2.Mickey Mantle536
100%
17.Roger Maris203
100%
10.Aaron Judge257
95%
6.Alex Rodriguez351
95%
7.Bernie Williams287
95%
9.Derek Jeter260
95%
4.Joe DiMaggio361
95%
5.Yogi Berra358
95%
32.Reggie Jackson144
90%
12.Don Mattingly222
86%
37.Giancarlo Stanton135
86%
8.Jorge Posada275
81%
15.Dave Winfield205
76%
13.Jason Giambi209
76%
20.Paul O'Neill185
76%
41.Thurman Munson113
71%
14.Mark Teixeira206
67%
11.Graig Nettles250
57%
19.Tino Martinez192
57%
16.Robinson Cano204
52%
27.Elston Howard161
48%
18.Bill Dickey202
38%
40.Curtis Granderson115
38%
38.Gleyber Torres123
38%
36.Gary Sanchez138
33%
33-Tied.Hideki Matsui140
29%
39.Alfonso Soriano121
24%
26.Bill Skowron165
24%
30.Joe Gordon153
24%
28.Roy White160
24%
23.Bobby Murcer175
19%
31.Bob Meusel146
14%
35.Brett Gardner139
14%
21.Charlie Keller184
14%
48.Clete Boyer95
14%
47.Didi Gregorius97
14%
25.Joe Pepitone166
14%
44-Tied.Nick Swisher105
14%
22.Tommy Henrich183
14%
42.GIl McDougald112
10%
24.Tony Lazzeri169
10%
29.Hank Bauer158
5%
49.Oscar Gamble87
5%
33-Tied.Tom Tresh140
5%
46.Frankie Crosetti98
0%
43.George Selkirk108
0%
50.Joe Collins86
0%
44-Tied.Mike Pagliarulo105
0%

Score Distribution

Percentile by Number Answered

Percent of People with Each Score

Your Score History

You have not taken this quiz